000 004380000a22001810004500
003 MACL
005 20151011161308.0
008 151011b xxu||||| |||| 00| 0 eng d
040 _aMACL
_cMACL
041 _aEnglish
082 _a920/PAG
100 _aPagadi, Setumadhavarao S.
_914434
245 _aShivaji
260 _bNational Books Trust
_c1990
_aNew Delhi
350 _a14.50
650 _aBiography
_914435
942 _cBK
_k920
_2ddc
999 _c5270
_d5270